| Registos Bibliográficos associados ao registo de autoridade |
|
Etiqueta de registo: 00254nam 2200025 450 001 2279465 003 http://id.bnportugal.gov.pt/bib/catbnp/2279465 100 ## $a20260312d2025 k y0pory01030103ba 101 0# $apor$deng 102 ## $aPT 105 ## $ay m 000yy 106 ## $ar 200 1# $aEntre fronteiras e saberes$e a migração estudantil e o cuidado de si de mulheres africanas na UNILAB$fRenata Catelo Branco Araujo$gorient. Martia Manuel Rocha Texeira Baptista 210 #9 $aAveiro$c[s.n.],$d2025 328 #1 $aTese dout. Estudos Culturais, Universidade de Aveiro, 2025 675 ## $a316.346-055.2(=1:6)(043)$vBN$zpor$31995620 700 #1 $aAraujo,$bRenata Castelo Branco$31990884 702 #1 $aBaptista,$bMaria Manuel,$f1964-$4727$31142799 801 #0 $aPT$bBN$gRPC 966 ## $lBN$mFGMON$sS.C. 168917 V.$x1 971 ## $cisantos$d20260312 972 ## $e0$z0$d20260424$vasantos 973 ## $cigoulao$d20260414
|
|
|